Learn to draw cats : (Record no. 10470)
[ view plain ]
| 000 -LEADER | |
|---|---|
| fixed length control field | 00559nam a22001937a 4500 |
| 003 - CONTROL NUMBER IDENTIFIER | |
| control field | SISC |
| 005 - DATE AND TIME OF LATEST TRANSACTION | |
| control field | 20160317152240.0 |
| 008 - FIXED-LENGTH DATA ELEMENTS--GENERAL INFORMATION | |
| fixed length control field | 130906t xxu||||| |||| 00| 0 eng d |
| 020 ## - INTERNATIONAL STANDARD BOOK NUMBER | |
| International Standard Book Number | 0004126696 |
| 050 ## - LIBRARY OF CONGRESS CALL NUMBER | |
| Classification number | NC 783.8 |
| Item number | .B469 1995 |
| 082 ## - DEWEY DECIMAL CLASSIFICATION NUMBER | |
| Classification number | HS 741.2 |
| Item number | B439 1993 |
| 100 ## - MAIN ENTRY--PERSONAL NAME | |
| Personal name | Bennett, Darren |
| 9 (RLIN) | 16695 |
| 245 ## - TITLE STATEMENT | |
| Title | Learn to draw cats : |
| Remainder of title | a step-by-step guide to drawing success / |
| Statement of responsibility, etc | Darren Bennett |
| 260 ## - PUBLICATION, DISTRIBUTION, ETC. (IMPRINT) | |
| Place of publication, distribution, etc | London : |
| Name of publisher, distributor, etc | Harper Collins, |
| Date of publication, distribution, etc | c1995. |
| 300 ## - PHYSICAL DESCRIPTION | |
| Extent | 63 p. : |
| Other physical details | ill. ; |
| Dimensions | 28 cm. |
| 650 ## - SUBJECT ADDED ENTRY--TOPICAL TERM | |
| Topical term or geographic name as entry element | Cats |
| 9 (RLIN) | 16696 |
| 942 ## - ADDED ENTRY ELEMENTS (KOHA) | |
| Source of classification or shelving scheme | Library of Congress Classification |
| Koha item type | Books |
| Withdrawn status | Lost status | Source of classification or shelving scheme | Damaged status | Home library | Current library | Shelving location | Date acquired | Total Checkouts | Total Renewals | Full call number | Barcode | Date last seen | Date checked out | Copy number | Price effective from | Koha item type |
|---|---|---|---|---|---|---|---|---|---|---|---|---|---|---|---|---|
| Library of Congress Classification | Luxembourg Library | Luxembourg Library | High School Section | 09/06/2013 | 1 | 3 | NC 783.8 .B469 1995 | 4494 | 06/20/2017 | 05/24/2017 | 1 | 09/06/2013 | Books |